000 00367nam a2200157Ia 4500
008 241014s9999||||xx |||||||||||||| ||und||
020 _a0816010579
060 _aHD 30 P 1985
100 _aParson, Mary Jean
245 0 _aBack To Basics: Planning
250 _a1985
260 _aNew York
_bFacts
300 _a159
650 _aManagement
942 _bIBHM
_cBK
999 _c16377
_d16377